Discographie de Rage Against The Machine (1992-2000) - Statistiques

Statistiques générales
  • Ce quiz a été pris 34 fois
  • Le résultat moyen est 12 sur 45
Statistiques - réponses
Réponse % Correct
Killing in the Name
100%
Bulls On Parade
87%
Bombtrack
80%
Know Your Enemy
80%
Wake Up
73%
Guerrilla Radio
67%
Bullet In the Head
60%
Testify
60%
Sleep Now In the Fire
53%
Freedom
47%
People of the Sun
47%
Renegades of Funk
47%
Fistful of Steel
40%
Take the Power Back
40%
Vietnow
33%
Calm Like a Bomb
27%
Settle for Nothing
27%
Born of a Broken Man
20%
Maggie’s Farm
20%
Revolver
20%
Snakecharmer
20%
Township Rebellion
20%
Ashes In the Fall
13%
Down Rodeo
13%
Mic Check
13%
Born As Ghosts
7%
How I Could Just Kill a Man
7%
I’m Housin’
7%
Kick Out the Jams
7%
Maria
7%
Microphone Fiend
7%
The Ghost of Tom Joad
7%
Tire Me
7%
Voice of the Voiceless
7%
Beautiful World
0%
Down On the Street
0%
In My Eyes
0%
New Millennium Homes
0%
Pistol Grip Pump
0%
Roll Right
0%
Street Fighting Man
0%
War Within a Breath
0%
Wind Below
0%
Without a Face
0%
Year of tha Boomerang
0%
Aucun quiz correspondant
Distribution des résultats
% des personnes avec chaque résultat
Percentile par nombre de réponses
Votre historique - résultats
Vous n’avez pas pris ce quiz